01363 2200613 4500008004100000001002100041005001700062035002500079035002400104041000800128090002100136100001400157245005900171260002800230300001900258500002600277650001500303695001200318700001000330850001800340985000700358999001200365999001200377999001200389999001200401999001200413999001200425999001200437999001200449999001200461999001200473999001200485999001200497999001200509999001200521999001200533999001200545999001200557999001200569999001200581999001200593999001200605999001200617999001200629999001200641999001200653999001200665999001200677999001200689999001200701999001200713999001200725999001200737210907||||||||| | ||| |||| ||ind||JABAR-0109000001610920090109220928.0 a0010-010900000016109 0010-010900000016109 aIND a808.095 31 CHI p0 aCHIN YUNG00aPendekar Pemanah RajawalicChin Yung;alih bahasa,O.K.T aJakartabGramediac1997 a19jilidc19 cm aYang ada Jilid 2 - 19 0aFIKSI CINA aFiction0 aO.K.T aBapusda Jabar a32 a0058870 a0058871 a0058872 a0058873 a0058874 a0058875 a0058876 a0058877 a0058878 a0058879 a0058880 a0058881 a0058882 a0058883 a0058884 a0058885 a0058886 a0058887 a0058888 a0058889 a0058890 a0058891 a0058892 a0058893 a0058894 a0058895 a0058896 a0058897 a0058898 a0058899 a0058900 a0058901